000 00299nam a22001337a 4500
008 210519b ||||| |||| 00| 0 eng d
041 _aeng
080 _23rd
_a91
082 _a91
100 _a42
101 _aGJEO
245 _aRegional Geography of Anglo-America
_cWhite,G.L
942 _2udc
_cBK
999 _c57464
_d57464